| 000 | 01336cad a22002175a 4500 | ||
|---|---|---|---|
| 001 | L138246 | ||
| 008 | 070524e20070524xxk f f000 0 eng d | ||
| 035 | _a(Sirsi) u138246 | ||
| 041 | 0 | _aeng | |
| 050 | 0 | 4 | _a333.7924 $2 22 |
| 110 | 1 |
_aUnited Kingdom _bDepartment of Trade and Industry |
|
| 245 | 0 | 4 |
_aThe future of nuclear power _bthe role of nuclear power in a low carbon UK economy _bconsultation document _h[electronic resource] |
| 260 |
_aLondon _bDTI _c2007 |
||
| 520 | _aConsultation paper published alongside the 2007 Energy White Paper. Seeks opinions on details on the government?s plan to allow energy companies to invest in new nuclear power stations. Describes the UK?s past and present energy situations and the need for a reduction in carbon emissions from fossil fuels. Considers the role of renewable energy sources. Describes the issues around nuclear power stations. Presents questions based on these issues. Responses are due by 10 October 2007. | ||
| 590 | _aKA | ||
| 650 | 2 | 4 | _aENERGY WHITE PAPER 2007 |
| 651 | 4 |
_aUnited Kingdom _y |
|
| 690 | _aENVIRONMENTAL AND LAND CONSULTANCY-ENERGY | ||
| 856 | 4 | 8 |
_uhttps://webarchive.nationalarchives.gov.uk/20110526103014/webarchive.nationalarchives.gov.uk/+/http://www.berr.gov.uk/files/file39197.pdf _zView the item free of charge in the National Archive |
| 942 | _n0 | ||
| 999 |
_c107077 _d107077 |
||